| 000 -CABECERA |
| campo de control de longitud fija |
01791nam a2200253Ia 4500 |
| 003 - IDENTIFICADOR DEL NÚMERO DE CONTROL |
| campo de control |
OSt |
| 005 - FECHA Y HORA DE LA ÚLTIMA TRANSACCIÓN |
| campo de control |
20210127110445.0 |
| 008 - DATOS DE LONGITUD FIJA--INFORMACIÓN GENERAL |
| campo de control de longitud fija |
161108s9999 xx 000 0 und d |
| 020 ## - NÚMERO INTERNACIONAL ESTÁNDAR DEL LIBRO |
| Número Internacional Estándar del Libro |
9789588900087 |
| 040 ## - FUENTE DE LA CATALOGACIÓN |
| Centro catalogador/agencia de origen |
CO-BoRNBP |
| Lengua de catalogación |
spa |
| Normas de descripción |
rda |
| Centro/agencia transcriptor |
CO-BoRNBP |
| 082 ## - NÚMERO DE LA CLASIFICACIÓN DECIMAL DEWEY |
| Número de clasificación |
868.44 G34a |
| 100 ## - ENTRADA PRINCIPAL--NOMBRE DE PERSONA |
| Nombre de persona |
Gilard, Jacques |
| 245 ## - MENCIÓN DE TÍTULO |
| Título |
Así leí a García Márquez / |
| Mención de responsabilidad, etc. |
Jacques Gilard |
| 264 ## - PRODUCCIÓN, PUBLICACIÓN, DISTRIBUCIÓN, FABRICACIÓN Y COPYRIGHT |
| Producción, publicación, distribución, fabricación y copyright |
Bogotá : |
| Nombre del de productor, editor, distribuidor, fabricante |
Collage Editores |
| 300 ## - DESCRIPCIÓN FÍSICA |
| Extensión |
279 páginas ; |
| Dimensiones |
24 cm |
| 336 ## - TIPO DE CONTENIDO |
| Término de tipo de contenido |
texto |
| Código de tipo de contenido |
txt |
| Fuente |
rdacontent |
| 337 ## - TIPO DE MEDIO |
| Nombre/término del tipo de medio |
sin mediación |
| Código del tipo de medio |
n |
| Fuente |
rdamedia |
| 338 ## - TIPO DE SOPORTE |
| Nombre/término del tipo de soporte |
volumen |
| Código del tipo de soporte |
nc |
| Fuente |
rdacarrier |
| 490 ## - MENCIÓN DE SERIE |
| Mención de serie |
García Márquez, Genio universal del Caribe |
| 500 ## - NOTA GENERAL |
| Nota general |
Este libro es un homenaje a García Márquez, por su reconocida obra literaria, y a Jacques Gilard, por su dedicación a indagar en ella, profundizando en la cultura Caribe, en sus autores y en su gente. <br/><br/>De sus numerosas investigaciones y ensayos, cuatro han sido seleccionados por Fabio Rodríguez Amaya, conocedor de su obra, y albacea literario de ella. Ellos son: Eduardo Zalamea Borda, descubridor de García Márquez; Veinte y cuarenta años de algo peor que la soledad; Renovación del cuento hispanoamericano Ojos de perro azul; y Del amor y otros demonios: otra novela de la pasión. <br/><br/>Gilard, quien tenía la más absoluta convicción de la grandeza de García Márquez, aplica en estos textos su más experimentada metodología de trabajo, desarrollando una rigurosa labor crítica, sin perder de vista la objetividad que le era tan preciada, su mayor característica. |
| 600 ## - PUNTO DE ACCESO ADICIONAL DE MATERIA--NOMBRE DE PERSONA |
| Nombre de persona |
Garcia Marquez, Gabriel, 1928-2014 - Critica E Interpretacion / Garcia Marquez, Gabriel, 1928-2014 - Homenajes Postumos / Garcia Marquez, Gabriel, 1928-2014 - Anecdotas |
| 650 ## - PUNTO DE ACCESO ADICIONAL DE MATERIA--TÉRMINO DE MATERIA |
| Término de materia o nombre geográfico como elemento de entrada |
Literatura Colombiana - Historia Y Critica |
| 942 ## - ELEMENTOS DE PUNTO DE ACCESO ADICIONAL (KOHA) |
| Fuente del sistema de clasificación o colocación |
|
| Tipo de ítem Koha |
Libro |